zpět

Detail výsledku týmu

Baarovka, České Budějovice

Datum a čas kvízu

21.5 Celkem bodů Celkový počet nahraných bodů na tomto kvízu bez doplňovacích otázek.
8. Pořadí na kvízu Konečné umístění týmu na tomto kvízu.

Zaznamenané odpovědi

# Otázka Odpověď Body Výsledky
1. Centrum pro výzkum veřejného m... Adam Vojtěch 0
2. Internet minulý týden obletělo... kocour (kočka) 1
3. Společnost Amazon v úterý ozná... Pán prstenů (Lord of the Rings) 1
4. Česká armáda v pátek převzala... Toyota 1
5. Basketbalista Tomáš Satoranský... v New Orleans 0
6. Rozhodli jsme se prověřit vaše... nebozez / nebozízek 0
7. V roce 1844 byla vynalezena hl... cylindrická vložka 1
8. Některé šrouby nemají ani jedn... inbus (též nespisovně imbus) 1
9. Jak byste dvěma slovy začínají... pružná / pérová podložka 1
10. Apelativizace je pojem pro jev... karma 1